000 01212nam a22003017a 4500
001 57388
003 BD-RjUL
005 20211209080513.0
008 161208s1964 pk ||||| |||| 00| 0 ben d
020 _c: PRs. 14.00
035 _a(BD-RjUL)57512
040 _aBD-RjUL
_bben
_cBD-RjUL
041 _aben
082 _223
_a891.441029763
_bSAT V-(1-5) 1964
100 1 _aছায়ীদ, মোহাম্মদ
_9137486
245 1 0 _aতাওয়ারিখে মোহাম্মদী /
_cমোহাম্মদ ছায়ীদ
250 _a৪র্থ সং.
260 _aঢাকা :
_bনিউ গ্রীন লাইব্রেরী,
_c১৯৬৪
300 _a খণ্ড ;
_c২৪ সেমি.
505 0 _aখণ্ড (১-৫) --
600 _aহযরত মুহাম্মদ (সঃ),
_d৫৭০-৬৩২
_xজীবনী
_9238728
600 _a Hazarat Muhammad (sm:),
_d570-632
_xBiography
_9238729
650 _aবাংলা কবিতা
_9238730
650 _aBengali Poetry
_9238731
650 _aবাংল পুঁথি-সাহিত্য
_9146860
650 _aBengali Booklet-Literature
_9238732
942 _2ddc
_cBK
999 _c57388
_d57388